Adaptive control of mechanical manipulators /

Gespeichert in:
Bibliographische Detailangaben
1. Verfasser: Craig, John J (Verfasst von)
Format: Buch
Sprache:Englisch
Veröffentlicht: Reading : Addison-Wesley Publishing Company, 1988
Ausgabe:1.vyd.
Schlagworte:
Tags: Tag hinzufügen
Keine Tags, Fügen Sie das erste Tag hinzu!

MARC

LEADER 00000nam a22000003a 4500
001 stu8063
005 20150617225806.0
008 951002s1988----xxu-----------------eng-d
020 |a 0-201-10490-3 
040 |a STU  |b slo 
041 0 |a eng 
044 |a xxu 
080 |a 681.513.6 
080 |a 681.52/.54 
084 |a C1340E  |2 INS 
084 |a C3390  |2 INS 
084 |a C1230  |2 INS 
084 |a C3320  |2 INS 
100 1 |a Craig, John J  |4 aut 
245 1 |a Adaptive control of mechanical manipulators /  |c [aut.] Craig,John J 
250 |a 1.vyd. 
260 |a Reading :  |b Addison-Wesley Publishing Company,  |c 1988 
300 |a 135 s 
650 7 |a adaptívne riadenie  |2 stusub 
650 7 |a automatické riadenie  |2 stusub 
650 7 |a manipulátory  |2 stusub 
650 7 |a robustné riadenie  |2 stusub 
996 |b E80118  |c E*80118  |l EE09  |s P  |a 0  |w stu8063_0001